| 000 -LEADER |
| fixed length control field |
00685cam a2200229 a 4500 |
| 001 - CONTROL NUMBER |
| control field |
368 |
| 003 - CONTROL NUMBER IDENTIFIER |
| control field |
BD-DhUAP |
| 005 - DATE AND TIME OF LATEST TRANSACTION |
| control field |
20260216154605.0 |
| 008 - FIXED-LENGTH DATA ELEMENTS--GENERAL INFORMATION |
| fixed length control field |
200126r19891988at 000 0aeng |
| 020 ## - INTERNATIONAL STANDARD BOOK NUMBER |
| International Standard Book Number |
0732224071 |
| 040 ## - CATALOGING SOURCE |
| Original cataloging agency |
DLC |
| Transcribing agency |
DLC |
| Modifying agency |
BD-DhUAP |
| Language of cataloging |
Eng |
| 082 ## - DEWEY DECIMAL CLASSIFICATION NUMBER |
| Edition number |
23 |
| Classification number |
813.54 MCK |
| 100 1# - MAIN ENTRY--PERSONAL NAME |
| Personal name |
McKie, Ronald. |
| 245 10 - TITLE STATEMENT |
| Title |
We have no dreaming / |
| Statement of responsibility, etc. |
Ronald McKie. |
| 260 ## - PUBLICATION, DISTRIBUTION, ETC. |
| Place of publication, distribution, etc. |
Sydney, NSW : |
| Name of publisher, distributor, etc. |
Collins Publishers Australia, |
| Date of publication, distribution, etc. |
c1988 [Reprinted1989]. |
| 300 ## - PHYSICAL DESCRIPTION |
| Extent |
xiii, 264 pages ; |
| Dimensions |
20 cm. |
| 600 10 - SUBJECT ADDED ENTRY--PERSONAL NAME |
| Personal name |
McKie, Ronald. |
| 650 #0 - SUBJECT ADDED ENTRY--TOPICAL TERM |
| Topical term or geographic name entry element |
Journalists |
| Geographic subdivision |
Australia |
| General subdivision |
Biography. |
| 650 #0 - SUBJECT ADDED ENTRY--TOPICAL TERM |
| Topical term or geographic name entry element |
War correspondents |
| Geographic subdivision |
Australia |
| General subdivision |
Biography. |
| 830 #0 - SERIES ADDED ENTRY--UNIFORM TITLE |
| Uniform title |
Imprint (Sydney, N.S.W.) |
| 942 ## - ADDED ENTRY ELEMENTS (KOHA) |
| Source of classification or shelving scheme |
|
| Koha item type |
Book |